00656cam a22002291 4500001001300000003000400013005001700017008004100034010001700075025001900092035002000111040002500131042001200156050001900168110004100187245006400228260002300292300001900315650004400334650003100378999001700409sa 63004481 DLC20260227111949.0861113s1963 ii r 000 0 eng  asa 63004481  aPL480:I-E-1830 a(OCoLC)14706227 aDLCcWaUdOCoLCdDLC apremarc00aHD9705.I42bA51 aIndia (Republic).bDevelopment Wing.10aImport policy for actual users for machinery and equipment. a[New Delhi,c1963] a245 p.c24 cm. 0aMachinery industryzIndiavDirectories. 0aMachinery industryzIndia. c55675d55675